FUNDAMENTALS OF SOCIAL STATISTICS (Record no. 342987)
[ view plain ]
| 000 -LEADER | |
|---|---|
| fixed length control field | 00441 a2200169 4500 |
| 003 - CONTROL NUMBER IDENTIFIER | |
| control field | OSt |
| 005 - DATE AND TIME OF LATEST TRANSACTION | |
| control field | 20180116182627.0 |
| 008 - FIXED-LENGTH DATA ELEMENTS--GENERAL INFORMATION | |
| fixed length control field | 160429b xxu||||| |||| 00| 0 eng d |
| 040 ## - CATALOGING SOURCE | |
| Transcribing agency | 0 |
| 082 ## - DEWEY DECIMAL CLASSIFICATION NUMBER | |
| Classification number | 519.5 ELI 1998 |
| 100 ## - MAIN ENTRY--PERSONAL NAME | |
| Personal name | KIRK W. ELIFSON |
| 110 ## - MAIN ENTRY--CORPORATE NAME | |
| Corporate name or jurisdiction name as entry element | RICHARD P. RUNYON |
| 245 ## - TITLE STATEMENT | |
| Title | FUNDAMENTALS OF SOCIAL STATISTICS |
| Statement of responsibility, etc. | KIRK W. ELIFSON |
| 250 ## - EDITION STATEMENT | |
| Edition statement | 3RD ED |
| 260 ## - PUBLICATION, DISTRIBUTION, ETC. | |
| Place of publication, distribution, etc. | MCGRAW HILL BOSTON |
| Date of publication, distribution, etc. | 1998 |
| 942 ## - ADDED ENTRY ELEMENTS (KOHA) | |
| Institution code [OBSOLETE] | NBS |
| Koha item type | Book |
| Call number prefix | 519.5 ELI |
| Source of classification or shelving scheme | |
| Withdrawn status | Lost status | Damaged status | Not for loan | Permanent Location | Current Location | Date acquired | Total Checkouts | Full call number | Barcode | Date last seen | Date last checked out | Price effective from | Koha item type |
|---|---|---|---|---|---|---|---|---|---|---|---|---|---|
| Central Library (CL) | Central Library (CL) | 08/28/2013 | 1 | 519.5 ELI | NBS398 | 11/23/2017 | 08/30/2017 | 08/28/2013 | Book |
